Copperbelt university annual report 1997 (Record no. 86215)

MARC details
000 -LEADER
fixed length control field 00785nam a2200229 4500
003 - CONTROL NUMBER IDENTIFIER
control field CBULib
005 - DATE AND TIME OF LATEST TRANSACTION
control field 20250709093033.0
008 - FIXED-LENGTH DATA ELEMENTS--GENERAL INFORMATION
fixed length control field 250515b |||||||| |||| 00| 0 eng d
040 ## - CATALOGING SOURCE
Original cataloging agency CBULib
Language of cataloging English
Transcribing agency CBULib
Description conventions rda
041 ## - LANGUAGE CODE
Language code of text/sound track or separate title eng
050 ## - LIBRARY OF CONGRESS CALL NUMBER
Classification number CBU(058)AR/1997
110 ## - MAIN ENTRY--CORPORATE NAME
9 (RLIN) 1351
Corporate name or jurisdiction name as entry element The Copperbelt University(CBU)
245 ## - TITLE STATEMENT
Title Copperbelt university annual report 1997
Statement of responsibility, etc / by The Copperbelt University(CBU)
260 ## - PUBLICATION, DISTRIBUTION, ETC. (IMPRINT)
Place of publication, distribution, etc Kitwe :
Name of publisher, distributor, etc Copperbelt University,
Date of publication, distribution, etc 1997
300 ## - PHYSICAL DESCRIPTION
Extent 29 pages : illustrations
336 ## - CONTENT TYPE
Source rdacontent
Content type term Text |
Content type code txt
337 ## - MEDIA TYPE
Source rdamedia
Media type term Unmediated |
Media type code n
338 ## - CARRIER TYPE
Source rdacarrier
Carrier type term Volume
Carrier type code nc
650 #0 - SUBJECT ADDED ENTRY--TOPICAL TERM
9 (RLIN) 4466
Topical term or geographic name as entry element ANNUAL REPORTS (COPPERBELT UNIVERSITY)--ZAMBIA
650 #0 - SUBJECT ADDED ENTRY--TOPICAL TERM
9 (RLIN) 4589
Topical term or geographic name as entry element UNIVERSITIES AND COLLEGES--ZAMBIA--ANNUAL REPORTS
942 ## - ADDED ENTRY ELEMENTS (KOHA)
Source of classification or shelving scheme
Koha item type UNIVERSITY COLLECTION
Holdings
Withdrawn status Lost status Source of classification or shelving scheme Damaged status Not for loan Collection code Permanent Location Current Location Shelving location Date acquired Source of acquisition Total Checkouts Full call number Barcode Date last seen Copy number Price effective from Koha item type
          Special Collections CBU-MAIN LIBRARY, KITWE. CBU-MAIN LIBRARY, KITWE. Special Collections 05/15/2025 DEP-CBU   CBU(058)AR/1997 03006829 05/15/2025 1 05/15/2025 UNIVERSITY COLLECTION
          Special Collections CBU-MAIN LIBRARY, KITWE. CBU-MAIN LIBRARY, KITWE. Special Collections 05/15/2025 DEP-CBU   CBU(058)AR/1997B 03006830 07/09/2025 2 05/15/2025 UNIVERSITY COLLECTION